| 000 | 00582nam a22001810 4500 | ||
|---|---|---|---|
| 003 | PILC | ||
| 005 | 20160217131933.0 | ||
| 008 | 030205s2002 eng | ||
| 041 | 0 |
_aeng _htgl |
|
| 050 |
_aPN 6222.P6 _b.A629 2002 |
||
| 245 | 1 | 0 | _aAnti-Eraption / |
| 260 |
_aBaguio City : _bGraphix Intelligence, _c2002. |
||
| 300 |
_a71 pages : _billustrations ; _c21 cm. |
||
| 500 | _a"The Anti-Eraption book is a sort of a sequel of Eraption ..." --Foreword. | ||
| 650 |
_aEstrada, Joseph Ejercito, 1937- _xHumor. |
||
| 650 | _aPhilippine wit and humor. | ||
| 942 |
_2lcc _cBK _kLOC |
||
| 999 |
_c291008 _d291008 |
||